00286 a2200097 4500245013500000100001500135260000900150300001100159035000900170035000900179 aProblèmes pratiques d'endocrinologie : troisième série : coeur et maladies endocriniennes : thérapeutiques antihormonales aHazard, J. c1975 a188 p. a0585 a0586